[Event "10. Lovsprings EMT Basis 1 1998"]
[Site "Ringsted"]
[Date "1998.04.24"]
[Round "5"]
[White "Eckert, Svend"]
[Black "Rasmussen, Henning"]
[Result "1-0"]
[WhiteElo "1604"]
[BlackElo "1812"]
[PlyCount "113"]
[EventDate "1998.??.??"]

1. d4 d5 2. Nf3 Nf6 3. e3 Bg4 4. Be2 e6 5. O-O c5 6. c3 Bd6 7. dxc5 Bxc5 8. Nd4
Bxe2 9. Qxe2 O-O 10. Nd2 a6 11. N2f3 Qc7 12. Rd1 Bd6 13. h3 Nbd7 14. Bd2 Rac8
15. Rac1 Qc4 16. b3 Qxe2 17. Nxe2 b5 18. Be1 Nb6 19. Nd2 Rc7 20. Nb1 Rfc8 21.
f3 Bc5 22. Bf2 Nbd7 23. Kf1 Ba7 24. Nd4 g6 25. Ke2 e5 26. Nc2 a5 27. Nca3 Rb7
28. c4 bxc4 29. bxc4 dxc4 30. Rxc4 Rb2+ 31. Rd2 Rxd2+ 32. Nxd2 Rxc4 33. Naxc4
a4 34. Bg3 Nd5 35. Nb1 f6 36. Be1 Bc5 37. Nc3 Nxc3+ 38. Bxc3 Nb6 39. Nxb6 Bxb6
40. Bb4 Kf7 41. Kd3 Ke6 42. e4 Kd7 43. Kc4 Kc6 44. Be7 f5 45. Kb4 fxe4 46. fxe4
a3 47. Kc4 h5 48. Bxa3 Ba7 49. Bb2 Bb8 50. Bc3 Bd6 51. Bb4 Bc7 52. a4 Bb6 53.
a5 Ba7 54. Be7 Bf2 55. Bd8 Be1 56. Bb6 Bh4 57. Bc5 1-0

[Event "10. Lovsprings EMT Basis 1 1998"]
[Site "Ringsted"]
[Date "1998.04.24"]
[Round "5"]
[White "Henriksen, Kasper"]
[Black "Jensen, Karsten"]
[Result "1-0"]
[WhiteElo "1737"]
[BlackElo "1786"]
[PlyCount "75"]
[EventDate "1998.??.??"]

1. e4 c5 2. Nf3 e6 3. d4 cxd4 4. Nxd4 Nc6 5. Be3 a6 6. Bc4 Qc7 7. Nc3 Bb4 8.
O-O Na5 9. Bd3 Bxc3 10. bxc3 Qxc3 11. Qg4 g6 12. Rab1 Nc4 13. Qf3 Nd2 14. Bxd2
Qxd2 15. e5 Qa5 16. Rfe1 Qd8 17. Be4 Ne7 18. Bxb7 Bxb7 19. Qxb7 O-O 20. Red1
Nd5 21. Qb3 Qc7 22. c4 Ne7 23. Nf3 Rfb8 24. Qd3 Rxb1 25. Rxb1 Rc8 26. h3 Nc6
27. Qd6 Na5 28. Qxa6 Nxc4 29. Rc1 Qc6 30. Qxc6 Rxc6 31. Rd1 d6 32. exd6 Nxd6
33. Ne5 Ra6 34. a4 Kf8 35. Nd7+ Ke7 36. Nc5 Ra5 37. Rxd6 Kxd6 38. Nb7+ 1-0

[Event "10. Lovsprings EMT Basis 1 1998"]
[Site "Ringsted"]
[Date "1998.04.24"]
[Round "5"]
[White "Holst, Peter Stein"]
[Black "Jensen, Dennis"]
[Result "1/2-1/2"]
[WhiteElo "1840"]
[BlackElo "1648"]
[PlyCount "43"]
[EventDate "1998.??.??"]

1. d4 d5 2. Nc3 Nf6 3. Bg5 e6 4. e4 dxe4 5. Nxe4 Be7 6. Bxf6 Bxf6 7. Nf3 O-O 8.
c3 Nd7 9. Bd3 Re8 10. Qc2 Nf8 11. O-O-O Be7 12. h4 f5 13. Ng3 Bd6 14. Kb1 c6
15. Ne2 Qc7 16. g3 b6 17. Ng5 h6 18. Nh3 Bb7 19. Rhe1 Rad8 20. Nef4 c5 21. dxc5
bxc5 22. c4 1/2-1/2

[Event "10. Lovsprings EMT Basis 1 1998"]
[Site "Ringsted"]
[Date "1998.04.24"]
[Round "5"]
[White "Nielsen, Carl Otto"]
[Black "Dickow, Flemming"]
[Result "1/2-1/2"]
[WhiteElo "1679"]
[BlackElo "1665"]
[PlyCount "93"]
[EventDate "1998.??.??"]

1. d4 Nf6 2. c4 g6 3. Nc3 d5 4. cxd5 Nxd5 5. e4 Nxc3 6. bxc3 c5 7. Bc4 Bg7 8.
Be3 Nc6 9. Ne2 cxd4 10. cxd4 O-O 11. O-O Bg4 12. f3 Na5 13. Bd5 Bc8 14. a3 e6
15. Ba2 b6 16. Rc1 Ba6 17. Qd2 Bxe2 18. Qxe2 Bxd4 19. Rfd1 Bxe3+ 20. Qxe3 Qe7
21. Rc3 Nb7 22. Qh6 Nc5 23. e5 Rfd8 24. Re1 Rd4 25. Bc4 Rad8 26. Rc2 Qh4 27.
Qxh4 Rxh4 28. g4 g5 29. Kg2 h5 30. h3 hxg4 31. fxg4 Nd3 32. Re3 Nf4+ 33. Kh2
Kg7 34. Bf1 Rd1 35. Bg2 Rh8 36. Kg3 Rhd8 37. Be4 R8d2 38. Rxd2 Rxd2 39. Bf3 Rc2
40. h4 Nd5 41. Bxd5 gxh4+ 42. Kxh4 exd5 43. e6 fxe6 44. Rxe6 Kf7 45. Rd6 Rc5
46. g5 Ra5 47. Kh5 1/2-1/2

[Event "10. Lovsprings EMT Basis 1 1998"]
[Site "Ringsted"]
[Date "1998.05.15"]
[Round "6"]
[White "Andersson, Martin"]
[Black "Larsen, Soren M"]
[Result "1/2-1/2"]
[WhiteElo "1659"]
[BlackElo "1866"]
[PlyCount "44"]
[EventDate "1998.??.??"]

1. e4 c5 2. Nf3 Nc6 3. c3 Nf6 4. d3 d6 5. Be3 Bg4 6. Be2 e6 7. O-O Be7 8. Nbd2
O-O 9. h3 Bh5 10. Nh2 Bxe2 11. Qxe2 d5 12. Bg5 dxe4 13. dxe4 Qc7 14. Nb3 b6 15.
Rad1 Rad8 16. Nf3 Rxd1 17. Rxd1 Rd8 18. Rxd8+ Qxd8 19. Nbd2 Ne8 20. Bxe7 Qxe7
21. Qd3 Qd6 22. Qxd6 Nxd6 1/2-1/2

[Event "10. Lovsprings EMT Basis 1 1998"]
[Site "Ringsted"]
[Date "1998.05.15"]
[Round "6"]
[White "Christensen, Henrik"]
[Black "Rasmussen, Henning"]
[Result "0-1"]
[WhiteElo "1805"]
[BlackElo "1812"]
[PlyCount "80"]
[EventDate "1998.??.??"]

1. d4 d5 2. g3 Nf6 3. Bg2 e6 4. Nf3 c5 5. O-O Nc6 6. b3 cxd4 7. Nxd4 Nxd4 8.
Qxd4 Be7 9. Ba3 O-O 10. Bxe7 Qxe7 11. f4 b6 12. Nc3 Bb7 13. Rac1 Rac8 14. Nb5
Qc5 15. Qxc5 Rxc5 16. c4 a5 17. Nc3 Bc6 18. cxd5 exd5 19. Rfd1 Re8 20. Bf3 Kf8
21. a3 Re3 22. Rd3 Rxd3 23. exd3 d4 24. Bxc6 Rxc3 25. Rb1 Rxc6 26. b4 a4 27. b5
Rc3 28. Rb4 Rxd3 29. Rxa4 Nd7 30. Ra7 Ke7 31. a4 Ra3 32. Kf2 Ra2+ 33. Kf3 d3
34. Ke3 d2 35. Ke2 Kd6 36. h4 h5 37. f5 f6 38. Ra6 Ke7 39. Ra7 Kd6 40. Rb7 Ke7
0-1

[Event "10. Lovsprings EMT Basis 1 1998"]
[Site "Ringsted"]
[Date "1998.05.15"]
[Round "6"]
[White "Dickow, Flemming"]
[Black "Holst, Peter Stein"]
[Result "1-0"]
[WhiteElo "1665"]
[BlackElo "1840"]
[PlyCount "71"]
[EventDate "1998.??.??"]

1. e4 c5 2. Nc3 d6 3. f4 Nc6 4. Nf3 g6 5. g3 Bg7 6. Bg2 e6 7. O-O Nge7 8. d3
O-O 9. Be3 Rb8 10. Rb1 b5 11. a3 b4 12. axb4 Rxb4 13. e5 Nd5 14. Nxd5 exd5 15.
c3 Rb8 16. Qa4 Bb7 17. d4 cxd4 18. Nxd4 Nxd4 19. Bxd4 dxe5 20. fxe5 Re8 21.
Qxa7 Bxe5 22. Bxe5 Rxe5 23. Rbd1 Re7 24. Rfe1 Rd7 25. Qd4 Ba8 26. Rd2 Qa5 27.
Rde2 Rdd8 28. b4 Qb5 29. Re7 Bc6 30. Qf6 Be8 31. h4 Qc6 32. R1e6 Qc4 33. h5
gxh5 34. Re5 Qd3 35. Rg5+ Kf8 36. Re1 1-0

[Event "10. Lovsprings EMT Basis 1 1998"]
[Site "Ringsted"]
[Date "1998.05.15"]
[Round "6"]
[White "Hansen, Jens Hjort"]
[Black "Jensen, Dennis"]
[Result "1-0"]
[WhiteElo "1729"]
[BlackElo "1648"]
[PlyCount "75"]
[EventDate "1998.??.??"]

1. e4 d5 2. exd5 Qxd5 3. Nc3 Qa5 4. b4 Qxb4 5. a4 c6 6. Ba3 Qa5 7. Bc4 Nf6 8.
Qb1 e6 9. Bxf8 Kxf8 10. Nge2 Nbd7 11. O-O g6 12. Qb2 Kg7 13. Rfe1 Re8 14. Ng3
Qc5 15. Bb3 b6 16. Nce4 Qe7 17. a5 Bb7 18. a6 Bc8 19. d4 Nf8 20. c4 Bd7 21. c5
Nd5 22. Nd6 Reb8 23. Bxd5 bxc5 24. Bb3 Rxb3 25. Ndf5+ gxf5 26. Qxb3 Qd6 27.
dxc5 Qxc5 28. Qb2+ Kg6 29. Qh8 Rc8 30. Qg8+ Kf6 31. Nh5+ Ke7 32. Qg5+ Kd6 33.
Red1+ Kc7 34. Rab1 Rb8 35. Rxb8 Kxb8 36. Qd8+ Bc8 37. Rb1+ Qb6 38. Rxb6+ 1-0

[Event "10. Lovsprings EMT Basis 1 1998"]
[Site "Ringsted"]
[Date "1998.05.15"]
[Round "6"]
[White "Jensen, Karsten"]
[Black "Eckert, Svend"]
[Result "0-1"]
[WhiteElo "1786"]
[BlackElo "1604"]
[PlyCount "52"]
[EventDate "1998.??.??"]

1. e4 c5 2. f4 e5 3. Nf3 d6 4. Bc4 Nc6 5. O-O f6 6. Nh4 g6 7. f5 Nce7 8. Nc3
Bh6 9. d3 Bxc1 10. Rxc1 Kf8 11. a3 Bd7 12. Rf2 g5 13. Nf3 h6 14. h3 Be8 15. Nh2
h5 16. Nf3 Rh7 17. Nxg5 fxg5 18. f6 Ng6 19. f7 Bxf7 20. Bxf7 Rxf7 21. Rxf7+
Kxf7 22. Qxh5 Kg7 23. Rf1 Nh6 24. Nd5 Nf4 25. Qf3 Nxd5 26. exd5 Qe7 0-1

[Event "10. Lovsprings EMT Basis 1 1998"]
[Site "Ringsted"]
[Date "1998.05.15"]
[Round "6"]
[White "Mortensen, Martin Lind"]
[Black "Henriksen, Kasper"]
[Result "1-0"]
[WhiteElo "1828"]
[BlackElo "1737"]
[PlyCount "89"]
[EventDate "1998.??.??"]

1. d4 Nf6 2. c4 g6 3. Nc3 Bg7 4. e4 d6 5. f3 O-O 6. Be3 e5 7. d5 c6 8. Bd3 a5
9. Rc1 Nh5 10. Nge2 f5 11. exf5 gxf5 12. O-O Na6 13. Qd2 Nb4 14. Bb1 c5 15. Kh1
Bd7 16. Nb5 Qb6 17. Nec3 Bxb5 18. cxb5 f4 19. Bf2 Rf6 20. Ne4 Rh6 21. a3 Qd8
22. axb4 axb4 23. Qe1 Bf6 24. Nxf6+ Qxf6 25. Bh4 Qg7 26. Kg1 Kh8 27. Bf5 Rg8
28. Bg4 e4 29. Qxe4 Qxb2 30. Rc2 Qg7 31. Qe7 Qd4+ 32. Rcf2 Ng7 33. Bg5 Rg6 34.
h4 Ne8 35. Qe4 Qg7 36. Bh5 Nf6 37. Bxf6 Rxf6 38. Bg4 Rh6 39. h5 Ra8 40. Re1 Rf6
41. Qe7 Rf7 42. Qxd6 b3 43. Qxc5 b2 44. Qc2 Ra1 45. Rb1 1-0

[Event "10. Lovsprings EMT Basis 1 1998"]
[Site "Ringsted"]
[Date "1998.05.15"]
[Round "6"]
[White "Nielsen, Carl Otto"]
[Black "Olsen, Morten Henrik"]
[Result "1-0"]
[WhiteElo "1679"]
[BlackElo "1724"]
[PlyCount "103"]
[EventDate "1998.??.??"]

1. d4 d5 2. c4 dxc4 3. e3 Nf6 4. Bxc4 c5 5. Nf3 a6 6. a4 Nc6 7. O-O Bg4 8. Qb3
e6 9. Ne5 Na5 10. Qc3 cxd4 11. Qxd4 Qxd4 12. exd4 Nxc4 13. Nxc4 Be2 14. Nb6 Rd8
15. Re1 Rxd4 16. Be3 Rd1 17. Nc3 Rxa1 18. Rxa1 Bh5 19. f3 Bd6 20. Rd1 Ke7 21.
Nc4 Bc7 22. Bc5+ Ke8 23. Bd6 Bd8 24. Be5 Be7 25. Bd6 Nd7 26. Ne4 Bg6 27. Bxe7
Kxe7 28. Ned6 b6 29. Rd2 Rb8 30. Kf2 f6 31. Ke3 h5 32. h4 Bb1 33. b4 g5 34.
hxg5 fxg5 35. Ne4 Bxe4 36. fxe4 Rc8 37. Rxd7+ Kxd7 38. Nxb6+ Kc7 39. Nxc8 Kxc8
40. Kd4 g4 41. Ke5 Kd7 42. g3 Ke7 43. Kf4 Kd6 44. Kg5 Ke5 45. b5 axb5 46. axb5
Kd6 47. Kxh5 Kc5 48. Kxg4 Kxb5 49. Kf4 Kc6 50. Kg5 Kd6 51. Kf6 Kd7 52. g4 1-0

[Event "10. Lovsprings EMT Basis 1 1998"]
[Site "Ringsted"]
[Date "1998.05.29"]
[Round "7"]
[White "Dickow, Flemming"]
[Black "Andersson, Martin"]
[Result "1/2-1/2"]
[WhiteElo "1665"]
[BlackElo "1659"]
[PlyCount "82"]
[EventDate "1998.??.??"]

1. e4 g6 2. d4 Bg7 3. Nc3 d6 4. f4 Nf6 5. Nf3 O-O 6. Be3 b6 7. Bd3 Bb7 8. O-O
Nbd7 9. f5 gxf5 10. exf5 c5 11. Qe1 Ng4 12. Bd2 cxd4 13. Ne4 Nge5 14. f6 Nxf6
15. Nxf6+ exf6 16. Bf5 Ng6 17. Nxd4 Qe8 18. Qf2 Qe5 19. Rfe1 Qc5 20. c3 Rfe8
21. Qg3 Re5 22. b4 Qd5 23. Rf1 a5 24. b5 Kh8 25. Rf2 Rg8 26. Qh3 Rge8 27. Rf4
a4 28. a3 h6 29. Rf2 Ne7 30. Bd7 Rd8 31. Bxh6 Rh5 32. Bxg7+ Kxg7 33. Be6 fxe6
34. Nxe6+ Kh7 35. Nf4 Rxh3 36. Nxd5 Nxd5 37. gxh3 Rg8+ 38. Kf1 Nxc3 39. Re1 Rg7
40. Re6 Nxb5 41. Rexf6 Bd5 1/2-1/2

[Event "10. Lovsprings EMT Basis 1 1998"]
[Site "Ringsted"]
[Date "1998.05.29"]
[Round "7"]
[White "Jensen, Dennis"]
[Black "Henriksen, Kasper"]
[Result "1-0"]
[WhiteElo "1648"]
[BlackElo "1737"]
[PlyCount "81"]
[EventDate "1998.??.??"]

1. d4 Nf6 2. c4 g6 3. Nc3 Bg7 4. Nf3 d6 5. e4 O-O 6. Be2 e5 7. dxe5 dxe5 8. Bg5
Nbd7 9. Qc2 c6 10. O-O-O Qc7 11. Nd2 Nc5 12. Be3 Ne6 13. Nb3 a5 14. a4 Bd7 15.
c5 Rfd8 16. g3 Ne8 17. Bc4 Kh8 18. Rhf1 Nf6 19. Be2 h5 20. f3 Kh7 21. Kb1 Be8
22. Bc4 Rxd1+ 23. Rxd1 Bd7 24. Qc1 Rd8 25. Be2 Bf8 26. Bc4 Ra8 27. Be2 Rd8 28.
Rf1 Bc8 29. Rd1 Bd7 30. h3 Ra8 31. Rf1 Re8 32. Rd1 Bc8 33. Bc4 Nd7 34. Bxe6
Rxe6 35. g4 Nf6 36. g5 Nd7 37. f4 exf4 38. Bxf4 Ne5 39. Qd2 Bg7 40. Qd8 Qxd8
41. Rxd8 1-0

[Event "10. Lovsprings EMT Basis 1 1998"]
[Site "Ringsted"]
[Date "1998.05.29"]
[Round "7"]
[White "Mortensen, Martin Lind"]
[Black "Eckert, Svend"]
[Result "1-0"]
[WhiteElo "1828"]
[BlackElo "1604"]
[PlyCount "85"]
[EventDate "1998.??.??"]

1. e4 c5 2. Nf3 Nc6 3. d4 cxd4 4. Nxd4 d6 5. Nc3 e6 6. Be3 Be7 7. Bc4 Nf6 8.
Qe2 O-O 9. O-O-O Bd7 10. Bb3 Na5 11. Rhg1 Nxb3+ 12. Nxb3 a6 13. g4 Bc6 14. Bf4
Ne8 15. g5 g6 16. e5 Qc7 17. exd6 Bxd6 18. Bxd6 Nxd6 19. Qe5 Rfd8 20. Nd4 Ne8
21. Qxc7 Nxc7 22. Nxc6 bxc6 23. Ne4 Nd5 24. c3 Kg7 25. Rd2 f5 26. Nc5 Nf4 27.
Rgd1 Rd5 28. b4 e5 29. c4 Rd4 30. Rxd4 exd4 31. Kc2 h6 32. Rxd4 hxg5 33. Rd6 a5
34. b5 cxb5 35. cxb5 Rc8 36. Rc6 Re8 37. b6 Nd5 38. Kb3 Rb8 39. b7 Kf7 40. Rc8
a4+ 41. Kb2 Rxb7+ 42. Nxb7 Nf4 43. Rc3 1-0

[Event "10. Lovsprings EMT Basis 1 1998"]
[Site "Ringsted"]
[Date "1998.05.29"]
[Round "7"]
[White "Olsen, Morten Henrik"]
[Black "Christensen, Henrik"]
[Result "0-1"]
[WhiteElo "1724"]
[BlackElo "1805"]
[PlyCount "88"]
[EventDate "1998.??.??"]

1. e4 Nf6 2. Nc3 d6 3. d4 Nbd7 4. f4 e5 5. fxe5 dxe5 6. dxe5 Nxe5 7. Qxd8+ Kxd8
8. Bf4 Bd6 9. O-O-O Bd7 10. Bb5 Nd3+ 11. Rxd3 Bxf4+ 12. Kb1 c6 13. Bc4 Rf8 14.
Nf3 Ke7 15. g3 Bc7 16. Rhd1 Rad8 17. a4 Ng4 18. R1d2 f6 19. b4 Ne5 20. Nxe5
Bxe5 21. Ne2 Bg4 22. Rxd8 Rxd8 23. Rxd8 Kxd8 24. Kc1 Bf3 25. Bd3 h5 26. Nf4
Bxf4+ 27. gxf4 g5 28. fxg5 fxg5 29. Kd2 Ke7 30. Ke3 Bg4 31. Kd4 Kd6 32. e5+ Ke6
33. c4 h4 34. c5 Bf3 35. b5 Bd5 36. b6 a5 37. Ba6 g4 38. Bxb7 Kd7 39. Ba6 g3
40. hxg3 h3 41. e6+ Bxe6 42. Bf1 h2 43. Bg2 Bd5 44. Bh3+ Kd8 0-1

[Event "10. Lovsprings EMT Basis 1 1998"]
[Site "Ringsted"]
[Date "1998.05.29"]
[Round "7"]
[White "Rasmussen, Henning"]
[Black "Hansen, Jens Hjort"]
[Result "1-0"]
[WhiteElo "1812"]
[BlackElo "1729"]
[PlyCount "83"]
[EventDate "1998.??.??"]

1. Nf3 Nf6 2. c4 b5 3. cxb5 a6 4. bxa6 Bxa6 5. g3 c5 6. Bg2 Nc6 7. O-O g6 8.
Re1 Bg7 9. d4 Qb6 10. dxc5 Qxc5 11. Nc3 O-O 12. Be3 Qh5 13. h3 Bc4 14. Qd2 Ra6
15. g4 Qa5 16. a3 Bb3 17. Nd4 Nxd4 18. Bxd4 Rd8 19. g5 Nh5 20. Bxg7 Nxg7 21.
Ne4 Qf5 22. Ng3 Qe6 23. Rac1 d5 24. Qe3 Qd6 25. Qxb3 e5 26. Red1 Ra5 27. Ne4
Qa6 28. Nf6+ Kh8 29. Rxd5 Raxd5 30. Bxd5 Nf5 31. Qc4 Qxc4 32. Rxc4 Nd4 33. e4
Nf3+ 34. Kg2 Nxg5 35. f3 Kg7 36. Ng4 Ne6 37. Ne3 Nf4+ 38. Kg3 Ne2+ 39. Kf2 Nd4
40. Kg3 f5 41. Kf2 f4 42. Ng4 1-0